000 00360nam a22001577a 4500
003 MPLRDC
005 20220104123331.0
008 210129b ||||| |||| 00| 0 eng d
082 _a320 LS
100 _a卢胜
245 _a射电天文浅说
_c
260 _a
_b真知出版社
_c1971
300 _b
650 _a天文学总论
942 _cBK
_o320 LS
999 _c10531
_d10521